000 01348nam a22001577a 4500
041 _aukr
080 _a09
090 _bБАШ
100 _aБашинський М.А.
245 _aПсихолінгвістичний аналіз неологізмів
260 _aОстрог
_bКАФ
_c2008
300 _a58
520 _aВступ. Розділ 1. Теоретичні засади вивчення неологізмів. 1.1. Стан дослідження англійських неологізмів кінця XX ст. різними лінгвістами. 1.2. Неологічна картина світу англомовного суспільства кінця XX століття. 1.3. Неологізми як одне з явищ маніпулятивного впливу на свідомість людини. 1.4. Проблема терміну "неологізм". Розділ 2. Аналіз неологізмів різних когнітивних категорій . 2.1. Класифікація неологізмів та їх відповідних концептів. 2.2. Способи творення неологізмів. 2.3. Переклад неологізмів військової сфери. Висновки.
_0неологізми
650 _aResearch Papers
999 _c283990
_d283990
942 _cBK